Claros y nieblas (Record no. 163769)

MARC details
000 -LEADER
campo de control de longitud fija 00703nam a22001935i 4500
001 - NÚMERO DE CONTROL
campo de control 163769
003 - IDENTIFICADOR DE NÚMERO DE CONTROL
campo de control ES-MaACL
005 - FECHA Y HORA DE LA ÚLTIMA TRANSACCIÓN
campo de control 20251114140019.0
008 - DATOS DE LONGITUD FIJA--INFORMACIÓN GENERAL
campo de control de longitud fija 990309s1885 pr |||| | spa d
040 ## - FUENTE DE CATALOGACIÓN
Centro catalogador/agencia de origen CCPB | B
Lengua de catalogación spa
Centro/agencia transcriptor CCPB | B
100 1# - ENTRADA PRINCIPAL--NOMBRE DE PERSONA
Nombre de persona Rodríguez de Tió, Lola.
9 (RLIN) 98475
245 10 - MENCIÓN DEL TÍTULO
Título Claros y nieblas
Resto del título : poesias /
Mención de responsabilidad, etc. Lola Rodriguez de Tio ; con un prólogo de Carlos Peñaranda, y un juicio de Cecilio Acosta.
260 ## - PUBLICACIÓN, DISTRIBUCIÓN, ETC.
Lugar de publicación, distribución, etc. Mayaguez :
Nombre del editor, distribuidor, etc. [s.n.],
Fecha de publicación, distribución, etc. 1885 (
Fabricante Tipografía Comercial)
300 ## - DESCRIPCIÓN FÍSICA
Extensión XXIX, 333 p. ;
Dimensiones 20 cm.
700 1# - ENTRADA AGREGADA--NOMBRE PERSONAL
Nombre de persona Peñaranda Carlos,
Fechas asociadas al nombre 1848-1908
9 (RLIN) 131101
700 1# - ENTRADA AGREGADA--NOMBRE PERSONAL
Nombre de persona Acosta, Cecilio.
9 (RLIN) 18291
852 ## - LOCALIZACIÓN
Ubicación ES-MaACL
Número de control de estantería G-3625
Nota libre -- Enc. ed. en tela
Holdings
Estatus retirado Estado de pérdida Estado de daño No para préstamo Colección Biblioteca de origen Biblioteca actual Ubicación en estantería Fecha de adquisición Fuente de adquisición Total de préstamos Signatura topográfica completa Código de barras Visto por última vez Precio de reemplazo Tipo de ítem Koha
        Libros del s. XIX Biblioteca del Ateneo de Madrid Biblioteca del Ateneo de Madrid Depósito 2 17/01/2008     G-3625 1171627 23/02/2023 23/02/2023 Libro impreso antiguo